Analýza objemových zmien v nádrži Veľká Domaša

Uložené v:
Podrobná bibliografia
Hlavný autor: Mydla, Jakub (Autor)
Ďalší autori: Šoltész, Andrej (Vedúci práce)
Médium: Rukopis Kniha
Jazyk:Slovak
Vydavateľské údaje: 2017
Predmet:
On-line prístup:http://is.stuba.sk/zp/portal_zp.pl?podrobnosti=116797
Tagy: Pridať tag
Žiadne tagy, Buďte prvý, kto otaguje tento záznam!

MARC

LEADER 00000ntm a22000003a 4500
001 stuzp64852
003 SK-STU
005 20170624213845.0
007 ta
008 150427s2015----xo-----f-mn---000-0-slo-d
040 |a STU  |b slo 
041 0 |a slo 
100 1 |a Mydla, Jakub  |u 010170  |4 aut  |U SvF Stavebná fakulta  |T SvF Katedra hydrotechniky  |X 75479  |U V170  |Y 17  |7 75479 
242 0 1 |a Analysis of volume changes in Veľká Domaša reservoir  |y eng 
245 1 0 |a Analýza objemových zmien v nádrži Veľká Domaša 
260 |c 2017 
650 4 |a vodná nádrž  |2 slo 
650 4 |a prítok  |2 slo 
650 4 |a hydrometrovanie  |2 slo 
650 4 |a reservoir  |2 eng 
650 4 |a inflow  |2 eng 
650 4 |a flow measurement  |2 eng 
700 1 |a Šoltész, Andrej  |u 010170  |k Z1  |4 ths  |U SvF Stavebná fakulta  |T SvF Katedra hydrotechniky  |X 645  |U V170  |Y 17  |7 A000000645 
856 4 |u http://is.stuba.sk/zp/portal_zp.pl?podrobnosti=116797